| 000 | 00632nam a2200193Ii 4500 | ||
|---|---|---|---|
| 003 | JO-AjNU | ||
| 008 | 230605s9999||||xx |||||||||||||| ||und|| | ||
| 040 |
_aJO-AjNU _bara _erda _cJO-AjNU |
||
| 041 | _aara | ||
| 050 | 1 | 4 | _aPJ7846.A2.A17 1900 |
| 100 | 3 |
_aتأليف معابرة،باسل, _eauthor _916812 |
|
| 245 | 0 | 0 | _aالهاشميون في صورة، ج1 |
| 264 | 3 | 1 | _aد.ن |
| 300 | _aج1، 34ص | ||
| 336 |
_atext _btxt _2rdacontent |
||
| 337 |
_aunmediated _bn _2rdamedia |
||
| 338 |
_avolume _bnc _2rdacarrier |
||
| 650 | 4 |
_a الشعر العربي - الأردن - تاريخ ونقد - القرن العشرين _916813 |
|
| 999 |
_aA5066 _c8634 _d8634 |
||